01178nam a2200241 a 450000100100000000500170001000800410002702000180006804000250008610000280011124501810013924600140032026000920033430000200042649000240044670000430047071000420051383000310055595201170058695201110070395201050081499900170091900004049420201002034153.0130826s2010 mx 000 0 spa d a9786070212352 aDO-SdBNPbspacBNPHU1 aLizalde, Eduardo96679813aLa poesía mexicana esplendor e infortunios :bdiscurso de ingreso a la Academia Mexicana de la Lengua 24 de mayo de 2007 ; Respuesta /cEduardo Lizalde, Ernesto de la Peña.13aRespuesta aMéxico :bUniversidad Autónoma de México : Academia Mexicana de la Lengua,c2010. a67 p. ;c17 cm.1 aDifusión Cultural1 aPeña, Ernesto de latRepuesta9667992 aAcademia Mexicana de la Lengua966800 0aDifusión cultural966273 001052708MOaGRbGRcCTd2013-08-26iLF1l0o p40494-10r2020-06-25te. 3w2020-06-25y2ZPréstamo interno 001050718MOaGRbGRcCTd2013-08-26iLF1l0o p40494-20r2020-06-25te. 2w2020-06-25y1ZNo se presta 001050718MOaGRbGRcCTd2013-08-26iLF1l0o p40494-30r2020-06-25w2020-06-25y1ZNo se presta c39984d39984